Normal view
MARC view
Entry Personal Name
001 - CONTROL NUMBER
- control field: 1868
003 - CONTROL NUMBER IDENTIFIER
- control field: BD-RjUL
005 - DATE AND TIME OF LATEST TRANSACTION
- control field: 20220314163536.0
008 - FIXED-LENGTH DATA ELEMENTS
- fixed length control field: 220314|| aca||aabn | a|a d
040 ## - CATALOGING SOURCE
- Original cataloging agency: BD-RjUL
- Transcribing agency: BD-RjUL
100 ## - HEADING--PERSONAL NAME
- Personal name: Hossain, Md. Ferdous
670 ## - SOURCE DATA FOUND
- Source citation: Work cat.: (BD-RjUL)79559: Hossain, Md. Ferdous, A Study on Japan-Bangladesh economic relations /, 2004